Từ bờ bên kia
Gespeichert in:
| 1. Verfasser: | |
|---|---|
| Format: | Buch |
| Sprache: | Undetermined |
| Veröffentlicht: |
Hà Nội
Tri thức
2012
|
| Schlagworte: | |
| Tags: |
Tag hinzufügen
Keine Tags, Fügen Sie den ersten Tag hinzu!
|
| Thư viện lưu trữ: | Trung tâm Học liệu Trường Đại học Cần Thơ |
|---|
| LEADER | 00652nam a2200205Ia 4500 | ||
|---|---|---|---|
| 001 | CTU_215348 | ||
| 008 | 210402s9999 xx 000 0 und d | ||
| 020 | |c 75000 | ||
| 082 | |a 891.73 | ||
| 082 | |b H582 | ||
| 100 | |a Herzen, Alexander Ivanovich | ||
| 245 | 0 | |a Từ bờ bên kia | |
| 245 | 0 | |c Alexander Ivanovich Herzen ; Nguyễn Văn Trọng (dịch, giới thiệu và chú giải) | |
| 260 | |a Hà Nội | ||
| 260 | |b Tri thức | ||
| 260 | |c 2012 | ||
| 650 | |a Văn học Nga,Russian literature | ||
| 650 | |y Thế kỷ 19,19th century | ||
| 904 | |i Nguyên | ||
| 980 | |a Trung tâm Học liệu Trường Đại học Cần Thơ | ||